000
00236nam a22000977a 4500
999
_c
3917
_d
3917
008
161115b xxu||||| |||| 00| 0 eng d
020
_a
9788188553730
100
_9
1226
_a
Chugh,R.K.
245
_a
Digitech-VI
260
_a
New Delhi
_b
G.Ram
_c
2012